000 00553nam a2200229Ia 4500
003 OSt
005 20220918212053.0
006 a|||||r|||| 00| 0
007 ta
008 220917b |||||||| |||| 00| 0 eng d
024 _a127,075
037 _cTextual
040 _aARTS
_cARTS
_beng
041 _2eng
_aeng
082 _aW60Y1:77, J0
100 _aLippmann W
_9121859
245 0 _aPublic opinion
260 _c1950
650 _aPOLITICAL SCIENCE
942 _hW60Y1:77, J0
_cTEXL
_2CC
999 _c250217
_d250217